000 01119nam0a22002531 4500
001 rc\3598334
005 20260407122716.0
021 _aRU
_bРг15597-72
021 _aRU
_b71-23441
035 _a(NLR Aleph) 007705964
090 _a6798743
_c6798743
100 _a20130115d1971 |||y0rusy50 ca
101 0 _arus
102 _aRU
105 _ay z |||||
200 1 _aПропаганда знаний и молодежь
_eМатериалы III Пленума правления обл. организации о-ва "Знание" и обл. семинара организаторов лекц. пропаганды среди молодежи
_fПерм. обл. организация о-ва "Знание". Перм. обком ВЛКСМ. Перм. политехн. ин-т
210 _aПермь
_cБ. и.
_d1971
215 _a83 с.
_d21
712 0 2 _a"Знание", общество РСФСР
_bПермское областное отделение
_3RU\NLR\AUTH\889959507
_9415185
801 0 _aRU
_bNLR
_gpsbo
801 1 _aRU
_bELAR
_2rusmarc
852 _aNLR
_j72-4/23707
942 _cBOOK
980 _aNB